|
|
|
|
| LEADER |
00730 a2200145 4500 |
| 999 |
|
|
|c 92387
|d 92387
|
| 020 |
|
|
|a 9788182662339
|
| 082 |
|
|
|a M A301 SOC/K
|b Q4
|
| 100 |
|
|
|a Socrates K Valeth(സോക്രട്ടീസ് കെ വാലത്ത്).
|9 54827
|
| 245 |
|
|
|a Kavachitham(കവചിതം):
|b kathakal(കഥകള്)/
|c Socrates K Valeth(സോക്രട്ടീസ് കെ വാലത്ത്).
|
| 260 |
|
|
|a Kozhikode:
|b Mathrubhumi Books,
|c 2014.
|
| 300 |
|
|
|a 111 p.
|
| 650 |
|
|
|a Short stories, Malayalam.
|9 54829
|
| 942 |
|
|
|c BK
|
| 952 |
|
|
|0 0
|1 0
|4 0
|6 M_A301_SOC_K_Q4
|7 0
|8 MAL
|9 84951
|a MGUL
|b MGUL
|c GEN
|d 2016-06-20
|e Mathrubhumi Books Bill No 23 dated 18.05.2016
|g 90.00
|l 1
|m 1
|o M A301 SOC/K Q4
|p 55357
|r 2018-06-21
|s 2018-05-24
|y BK
|